| 000 | 00805nam a2200229Ia 4500 | ||
|---|---|---|---|
| 005 | 20250130091840.0 | ||
| 008 | 210716s2009 xx 000 0 und d | ||
| 020 | _a9781420074048 | ||
| 040 | _cAIMIT LIBRARY | ||
| 041 | _aeng | ||
| 082 |
_a005.4482 _21 _bMAGF |
||
| 100 |
_aMagoules, Frederic. _951159 |
||
| 245 |
_aGrid resource management : _btoward virtual and services compliant grid computing / _cBy Frederic Magoules, Thi-Mai-Huong Nguyen and Lei Yu. |
||
| 250 | _a1st ed. | ||
| 260 |
_aNew Delhi : _bCRC Press , _c2009 . |
||
| 300 |
_axxi, 300p. ; _bPB _c23 cm. |
||
| 650 |
_aData management in grid environments _951160 |
||
| 650 |
_aGrid enabled virtual file systems _951191 |
||
| 700 |
_aNguyen, Thi Mai Huong. _951192 |
||
| 700 |
_aYu, Lei. _951193 |
||
| 942 |
_2ddc _cBK _e1st _k005.4482 MAGF |
||
| 999 |
_c193555 _d193555 |
||